000 00642nam a2200229 a 4500
999 _c1768
_d1768
007 ta
008 200117t2006 ii a|||g |||| 00| 0 eng d
020 _a9788187966494
_cRs. 620.00
040 _aKO
_beng
041 0 _aeng
044 _aii
082 0 4 _223
_a355.03
_bUn318
110 _aUnited Service Institution of India
245 1 0 _aNational Security, Economic Globalisation and Militancy /
260 _aNew Delhi :
_bKnowledge World ,
_c2006 .
300 _aix , 229 p. :
_bill. ;
_c25 cm .
490 0 _aUSI National Security Series 2005
650 0 _aGlobalization
_vTextbooks
904 _aReshma_R
942 _cBK